| 000 | 00423pab a2200157 454500 | ||
|---|---|---|---|
| 008 | 180718b2017 xxu||||| |||| 00| 0 eng d | ||
| 100 | _aBathla, Seema et al | ||
| 245 | _aWhere to invest to accelerate agricultural growth and poverty reduction | ||
| 260 | _c2017 | ||
| 300 | _ap.36-45. | ||
| 362 | _a30 Sep | ||
| 650 | _aPoverty | ||
| 650 | _aAgriculture | ||
| 773 | _aEconomic and Political Weekly | ||
| 909 | _a116153 | ||
| 999 |
_c116147 _d116147 |
||